000 00308nam a2200133Ia 4500
100 _aTyagi/M.S
942 _cBK
245 _aIntroduction to semiconductor materials and devices
260 _bWiley India
_c2005
082 _a621.38152
_bTYA
300 _a669
546 _aENGLISH
_cPAMPHALETS
999 _c23741
_d23741